| 000 | 01287cam a2200229 4500 | ||
|---|---|---|---|
| 001 | ABS65576 | ||
| 008 | 020611n2002 000 0 eng u | ||
| 035 | _a(Sirsi) u118371 | ||
| 100 | _aElliott, P. | ||
| 245 | 4 | _aThe impact of transmission lines on property values: coming to terms with stigma | |
| 260 | _c2002 | ||
| 490 |
_aProperty Management _v20(2) 2002, 137-152(16) |
||
| 520 | _aThe impact of power transmission lines on property values remains insufficiently explored and inconclusively theorised. Examines what appears to be a general phenomenon of price depreciation of land abutting power lines. A large scale international literature review is organised in terms of a thematic model as a prelude to a precis of key papers discussing the power line/property nexus. Examines the stigma issue which has different manifestations from its normal context involving contaminated lands. A speculative model is provided of the stigma apparently attaching to power lines and attendant installations. [Taken from journal abstract]. | ||
| 590 | _aABS | ||
| 650 | _aTRANSMISSION LINES | ||
| 650 | _aPOWER LINES | ||
| 650 | _aDEPRECIATION IN VALUE | ||
| 650 | _aPROPERTY VALUES | ||
| 690 | _aPROPERTY-PROPERTY APPRAISAL AND VALUATION | ||
| 700 | _aWadley, D. | ||
| 942 | _n0 | ||
| 999 |
_c70460 _d70460 |
||